Sports Quiz

Random Sports or Cricket Quiz

Test Cricket Triple-Centuries Quiz Stats

 Plays Quiz Updated Jan 27, 2020

     
Support Sporcle.
Go Orange.
Score 0/31 Timer 06:00
10 Plays Today
Score Batsman % Correct
400*Brian Lara
97.9%
375 Brian Lara
97.9%
380 Matthew Hayden
84.2%
335*David Warner
80.2%
334 Donald Bradman
76.9%
304 Donald Bradman
76.9%
333 Chris Gayle
73.5%
329*Michael Clarke
72.5%
333 Graham Gooch
67.8%
317 Chris Gayle
67.6%
319 Virender Sehwag
66.5%
309 Virender Sehwag
66.5%
319 Kumar Sangakkara
65.6%
374 Mahela Jayawardene
64.8%
311*Hashim Amla
64.1%
365*Garry Sobers
61.1%
Score Batsman % Correct
302 Brendon McCullum
57.6%
313 Younus Khan
54.6%
340 Sanath Jayasuriya
51.3%
334*Mark Taylor
50.3%
303*Karun Nair
49%
364 Len Hutton
43.7%
329 Inzamam-ul-Haq
43.6%
302*Azhar Ali
43.3%
336*Wally Hammond
33.3%
337 Hanif Mohammad
31%
311 Bob Simpson
18%
310*John Edrich
16.1%
302 Lawrence Rowe
13.1%
325 Andy Sandham
12.2%
307 Bob Cowper
10.3%

From the Vault

Remove Ads.
Support Sporcle.
Get the best of Sporcle when you Go Orange. This ad-free experience offers more features, more stats, and more fun while also helping to support Sporcle. Thank you for becoming a member.

Show Comments

Extras

Top Quizzes Today


Score Distribution

Your Account Isn't Verified!

In order to create a playlist on Sporcle, you need to verify the email address you used during registration. Go to your Sporcle Settings to finish the process.

Report this User

Report this user for behavior that violates our Community Guidelines.

Details: